Music Quiz

Random Music Quiz

White Zombie Releases Quiz Stats

 Plays Quiz not verified by Sporcle

Score 0/22 Timer 06:00
0 Plays Today
Release Type Release Name % Correct
AlbumAstro-Creep: 2000
79.7%
SingleMore Human Than Human
73.4%
SingleThunderkiss '65
70.3%
SingleBlack Sunshine
57.8%
AlbumMake Them Die Slowly
57.8%
AlbumLa Sexorcisto: Devil Music Vol. 1
54.7%
SingleSuper-Charger Heaven
50%
AlbumSoul-Crusher
48.4%
AlbumSupersexy Swingin' Sounds
46.9%
EPGod Of Thunder
40.6%
SingleElectric Head Pt. 2
37.5%
Release Type Release Name % Correct
SinglePig Heaven
35.9%
CompilationLet Sleeping Corpses Lie
34.4%
EPGods On Voodoo Moon
31.3%
SingleFeed The Gods
26.6%
SingleThe One
25%
EPPsycho-Head Blowout
23.4%
SingleI Am Hell
20.3%
SingleReal Solution #9
20.3%
EPNight Crawlers
18.8%
SingleRatfinks, Suicide Tanks And Cannibal Girls
18.8%
SingleChildren Of The Grave
15.6%

You're not logged in!

Compare scores with friends on all Sporcle quizzes.
OR
Log In

Show Comments

Extras

Created Oct 19, 2010ReportNominate
Tags:release, white, zombies

Top Quizzes Today


Score Distribution

Your Account Isn't Verified!

In order to create a playlist on Sporcle, you need to verify the email address you used during registration. Go to your Sporcle Settings to finish the process.

Report this User

Report this user for behavior that violates our Community Guidelines.

Details: